书目信息 |
| 题名: |
巧手拌凉菜
|
|
| 作者: | 刘晓菲 主编 | |
| 分册: | ||
| 出版信息: | 北京 中国华侨出版社 2012 |
|
| 页数: | 304页 | |
| 开本: | 25cm | |
| 丛书名: | ||
| 单 册: | ||
| 中图分类: | TS972.121 | |
| 科图分类: | ||
| 主题词: | 凉菜--菜谱 | |
| 电子资源: | ||
| ISBN: | 978-7-5113-3080-2 | |
| 000 | 00816nam0 2200229 450 | |
| 001 | 3069 | |
| 001 | 01CN11477135@CSLN | |
| 005 | 20161207153200.68 | |
| 010 | @a978-7-5113-3080-2@b精装@dCNY68.00 | |
| 100 | @a20130425d2013 em y0chiy50 ea | |
| 101 | 0 | @achi |
| 102 | @aCN@b110000 | |
| 105 | @aa z 000yy | |
| 200 | 1 | @a巧手拌凉菜@9qiao shou ban liang cai@f刘晓菲主编 |
| 210 | @a北京@c中国华侨出版社@d2012 | |
| 215 | @a304页@c彩图@d25cm | |
| 330 | @a本书从实际生活出发,介绍了凉菜的常见制法、调味料、调味汁、拼盘等美食知识,并根据普通大众的常用食材,按照凉拌素菜、凉拌荤菜、鲜香水产和营养沙拉几部分,分类讲解各式凉菜的烹饪窍门。 | |
| 606 | 0 | @a凉菜@x菜谱 |
| 690 | @aTS972.121@v5 | |
| 701 | 0 | @a刘晓菲@9liu xiao fei@4主编 |
| 801 | 0 | @aCN@b大连网信软件有限公司图书馆·11@c20161207 |
| 905 | @aZUCC@dTS972.121@e453 | |
| 巧手拌凉菜/刘晓菲主编.-北京:中国华侨出版社,2012 |
| 304页:彩图;25cm |
| ISBN 978-7-5113-3080-2(精装):CNY68.00 |
| 本书从实际生活出发,介绍了凉菜的常见制法、调味料、调味汁、拼盘等美食知识,并根据普通大众的常用食材,按照凉拌素菜、凉拌荤菜、鲜香水产和营养沙拉几部分,分类讲解各式凉菜的烹饪窍门。 |
| ● |
| 相关链接 |
|
|
|
|
正题名:巧手拌凉菜
索取号:TS972.121/453
 
预约/预借
| 序号 | 登录号 | 条形码 | 馆藏地/架位号 | 状态 | 备注 |
| 1 | 912925 | 209129254 | 第二样本阅览室/ [索取号:TS972.121/453] | 在馆 | |
| 2 | 912926 | 209129263 | 第三借阅区/ [索取号:TS972.121/453] | 在馆 | |
| 3 | 912927 | 209129272 | 第三借阅区/ [索取号:TS972.121/453] | 在馆 |